| 000 | 00639cam a2200193 4500 | ||
|---|---|---|---|
| 001 | 2166 | ||
| 005 | 20181127164659.0 | ||
| 008 | 721213s1953 nju 000 0 eng | ||
| 010 | _a 52013152 | ||
| 041 | 1 | _aengger | |
| 100 | 1 |
_aAuerbach, Erich, _d1892-1957. |
|
| 240 | 1 | 0 |
_aMimesis. _lEnglish |
| 245 | 1 | 0 |
_aMimesis : _bthe representation of reality in Western literature / _cErich Auerbach, translated by Willard R. Trask. |
| 260 |
_aGarden City, NY : _bDoubleday & Co., Inc. _c1957. |
||
| 300 |
_a498 p. ; _c18 cm. |
||
| 650 | 0 |
_aLiterature _xHistory and criticism. |
|
| 650 | 0 | _aMimesis in literature. | |
| 650 | 0 | _aReality in literature. | |
| 999 |
_c1710 _d1710 |
||